| 000 | 01199nam a22002537a 4500 | ||
|---|---|---|---|
| 005 | 20100910150449.0 | ||
| 008 | 100910t xxu||||| |||| 00| 0 hin d | ||
| 010 | _aHIN-90460 | ||
| 020 |
_c400.00 _a9789380511030 |
||
| 035 | _aHN-62806 | ||
| 037 | _bDBAD / PUB | ||
| 040 | b |
_aDPL _bHN |
|
| 082 | _a824.9 | ||
| 100 |
_919362 _aवट्टमवार, श्रीरंग पांडूरंग |
||
| 245 |
_aहिन्दी ललित निबन्धों का सांस्कृतिक तथा ऐतिहासिक अध्ययन / _cश्रीरंग पांडूरंग वट्टमवार |
||
| 260 |
_aकानपुर _bसमता प्रकाशन _c2010 |
||
| 270 |
_bकानपुर (देहात) _aबजरंगनगर, रूरा _e209303 _k09450139012 |
||
| 300 |
_a192पृ. _c22सेमी (सजिल्द) |
||
| 650 | _91169 | ||
| 700 | _919359 | ||
| 700 | _919788 | ||
| 942 |
_2ddc _cHN _mवट्टम _h824.9 |
||
| 999 |
_c45518 _d45518 |
||